000 01436cam a2200289 4500
001 ABS64113
008 000000n2001 000 0 eng u
035 _a(Sirsi) u113411
100 _aGair, C.
245 _aUnited States area review: Northeast
260 _c2001
490 _aNational Real Estate Investor
_v43(5) May 2001, 72-78(6)
520 _aReports on the property market in the United States Northeast tri-state area where restraint from overbuilding means that the economic slowdown has had little impact. Whilst consumer confidence in the New York retail market has fallen slightly the outlook for the office market in the city remains favourable. In Connecticut the office market has also cooled slightly but high occupancy and record rental growth are increasing the demand for apartments. Includes "Taking back the neighbourhood", a feature on the renovation of run-down buildings to provide affordable housing in Harlem.
590 _aABS
650 _aAPARTMENTS
650 _aCONNECTICUT
650 _aHARLEM
650 _aJERSEY CITY
650 _aNEW JERSEY
650 _aNEW YORK
650 _aPROPERTY-COMMERCIAL PROPERTY-OFFICE PROPERTY-OFFICE PROPERTY MARKET
650 _aPROPERTY-COMMERCIAL PROPERTY-RETAIL PROPERTY-RETAIL PROPERTY MARKET
650 _aRESIDENTIAL MARKET
650 _aUNITED STATES
690 _aPROPERTY-COMMERCIAL PROPERTY-COMMERCIAL PROPERTY MARKET
942 _n0
999 _c67570
_d67570